Metamorphosis in fish (Record no. 11859)

MARC details
000 -LEADER
fixed length control field 01868cam a2200325Ia 4500
001 - CONTROL NUMBER
control field SCP0NE10612PDF
003 - CONTROL NUMBER IDENTIFIER
control field BD-DhSAU
005 - DATE AND TIME OF LATEST TRANSACTION
control field 20151012144306.0
006 - FIXED-LENGTH DATA ELEMENTS--ADDITIONAL MATERIAL CHARACTERISTICS
fixed length control field m|||||o||d||||||||
007 - PHYSICAL DESCRIPTION FIXED FIELD--GENERAL INFORMATION
fixed length control field cr||||
008 - FIXED-LENGTH DATA ELEMENTS--GENERAL INFORMATION
fixed length control field 120607s2012 nhuabd sb 001 0 eng d
020 ## - INTERNATIONAL STANDARD BOOK NUMBER
International Standard Book Number 9781439883310 (ebook : PDF)
040 ## - CATALOGING SOURCE
Original cataloging agency BD-DhSAU
Transcribing agency BD-DhSAU
090 ## - LOCALLY ASSIGNED LC-TYPE CALL NUMBER (OCLC); LOCAL CALL NUMBER (OCLC)
Classification number (OCLC) (R) ; Classification number, CALL (RLIN) (NR) QL615
Local cutter number (OCLC) ; Book number/undivided call number, CALL (RLIN) .M48 2012
092 ## - LOCALLY ASSIGNED DEWEY CALL NUMBER (OCLC)
Classification number 571.17
Item number M587
245 00 - TITLE STATEMENT
Title Metamorphosis in fish
Medium [electronic resource] /
Statement of responsibility, etc. editors, Sylvie Dufour, Karine Rousseau, B.G. Kapoor.
260 ## - PUBLICATION, DISTRIBUTION, ETC. (IMPRINT)
Place of publication, distribution, etc. Enfield, N.H. :
Name of publisher, distributor, etc. Science Publishers ;
Place of publication, distribution, etc. Boca Raton, Fla. :
Name of publisher, distributor, etc. Distributed by CRC Press,
Date of publication, distribution, etc. c2012.
300 ## - PHYSICAL DESCRIPTION
Extent viii, 260 p. :
Other physical details ill. (some col.), maps.
504 ## - BIBLIOGRAPHY, ETC. NOTE
Bibliography, etc Includes bibliographical references and index.
505 0# - FORMATTED CONTENTS NOTE
Formatted contents note 1. Introduction to fish first and secondary metamorphoses / Karine Rousseau and Sylvie Dufour -- 2. Lamprey metamorphosis / John H. Youson and Richard G. Manzon -- 3. Metamorphosis of elopomorphs / Keisuke Yamano -- 4. Metamorphosis of flatfish (Pleuronectiformes) / Yasuo Inui and Satoshi Miwa -- 5. Metamorphosis in an amphidromous goby, Sicyopterus lagocephalus (Pallas 1767) (Teleostei: Gobioidei: Sicydiinae) : a true metamorphosis? / Philippe Keith ... [et al.] -- 6. Salmonid smoltification / Karine Rousseau ... [et al.] -- 7. Eel secondary metamorphosis : silvering / Karine Rousseau, Salima Aroua and Sylvie Dufour.
530 ## - ADDITIONAL PHYSICAL FORM AVAILABLE NOTE
Additional physical form available note Also available in print edition.
538 ## - SYSTEM DETAILS NOTE
System details note Mode of access: World Wide Web.
650 #0 - SUBJECT ADDED ENTRY--TOPICAL TERM
Topical term or geographic name as entry element Fishes
General subdivision Metamorphosis.
655 #7 - INDEX TERM--GENRE/FORM
Genre/form data or focus term Electronic books.
Source of term lcsh
700 1# - ADDED ENTRY--PERSONAL NAME
Personal name Dufour, Sylvie.
700 1# - ADDED ENTRY--PERSONAL NAME
Personal name Rousseau, Karine.
700 1# - ADDED ENTRY--PERSONAL NAME
Personal name Kapoor, B. G.
776 1# - ADDITIONAL PHYSICAL FORM ENTRY
International Standard Book Number 9781578087136 (hardback)
-- 1578087139 (hardback)
856 40 - ELECTRONIC LOCATION AND ACCESS
Uniform Resource Identifier <a href="http://marc.crcnetbase.com/isbn/9781439883310">http://marc.crcnetbase.com/isbn/9781439883310</a>
Electronic format type application/PDF

No items available.